Central Library OPAC University of Rajshahi

Comparative marketing : (Record no. 16204)

MARC details
000 -LEADER
fixed length control field 00985cam a2200265I 4500
001 - CONTROL NUMBER
control field 16204
003 - CONTROL NUMBER IDENTIFIER
rucl marc code BD-RjUL
005 - DATE AND TIME OF LATEST TRANSACTION
control field 20211208235957.0
008 - FIXED-LENGTH DATA ELEMENTS--GENERAL INFORMATION
fixed length control field 140211s1963 ilua b 00000 eng d
035 ## - SYSTEM CONTROL NUMBER
System control number (BD-RjUL)16259
040 ## - CATALOGING SOURCE
Original cataloging agency DLC
Transcribing agency URB
Modifying agency SER
-- m.c.
-- BOS
-- BD-RjUL
Language of cataloging eng
041 ## - LANGUAGE CODE
Language code of text/sound track or separate title eng
082 00 - DEWEY DECIMAL CLASSIFICATION NUMBER
Author mark and year COM 1963
Classification number 658.86
090 ## - LOCALLY ASSIGNED LC-TYPE CALL NUMBER (OCLC); LOCAL CALL NUMBER (OCLC)
Classification number (OCLC) (R) ; Classification number, CALL (RLIN) (NR) HF5420
Local cutter number (OCLC) ; Book number/undivided call number, CALL (RLIN) F63
245 10 - TITLE STATEMENT
Title Comparative marketing :
Remainder of title wholesaling in fifteen countries /
Statement of responsibility, etc. Sponsored by the American Marketing Association.
260 ## - PUBLICATION, DISTRIBUTION, ETC. (IMPRINT)
Place of publication, distribution, etc. Homewood, Ill. :
Name of publisher, distributor, etc. R. D. Irwin,
Date of publication, distribution, etc. c1963
300 ## - PHYSICAL DESCRIPTION
Pagination xii, 317 p. :
Illustrations diagrs., tables. ;
Size 24 cm.
500 ## - GENERAL NOTE
General note Studies prepared by the Comparative Marketing Committee, American Marketing Association, under the chairmanship of R. Bartels.
504 ## - BIBLIOGRAPHY, ETC. NOTE
Bibliography, etc Bibliography: p. [309]-317.
650 #0 - SUBJECT ADDED ENTRY--TOPICAL TERM
Topical term or geographic name as entry element Wholesale trade.
9 (RLIN) 49646
700 1# - ADDED ENTRY--PERSONAL NAME
Personal name Bartels, Robert,
710 20 - ADDED ENTRY--CORPORATE NAME
Corporate name or jurisdiction name as entry element American Marketing Association.
Subordinate unit Comparative Marketing Committee.
9 (RLIN) 50137
942 ## - ADDED ENTRY ELEMENTS (KOHA)
Source of classification or shelving scheme Dewey Decimal Classification
Koha item type Books
Holdings
Lost status Source of classification or shelving scheme Damaged status Not for loan Collection code Permanent Location Current Location Shelving location Date acquired Source of acquisition Cost, normal purchase price Total Checkouts Full call number Date last seen Copy number Koha item type
  Dewey Decimal Classification     Non-fiction Central Library, University of Rajshahi Central Library, University of Rajshahi   30/03/1970 Zeithlinger. 75.00   658.86 COM 1963 11/02/2014 C-5 Books
  Dewey Decimal Classification     Non-fiction Central Library, University of Rajshahi Central Library, University of Rajshahi   31/12/1969 zeitlinger 75.00   658.86 COM 1963 29/10/2019 C-1 Books
  Dewey Decimal Classification     Non-fiction Central Library, University of Rajshahi Central Library, University of Rajshahi   31/12/1969 zeitlinger 75.00   658.86 COM 1963 29/10/2019 C-2 Books
  Dewey Decimal Classification     Non-fiction Central Library, University of Rajshahi Central Library, University of Rajshahi   31/12/1969 zeitlinger 75.00   658.86 COM 1963 29/10/2019 C-3 Books
  Dewey Decimal Classification     Non-fiction Central Library, University of Rajshahi Central Library, University of Rajshahi   31/12/1969 zeitlinger 75.00   658.86 COM 1963 29/10/2019 C-4 Books
  Dewey Decimal Classification     Non-fiction Central Library, University of Rajshahi Central Library, University of Rajshahi   31/12/1969 zeitlinger 75.00   658.86 COM 1963 29/10/2019 C-6 Books
  Dewey Decimal Classification     Non-fiction Central Library, University of Rajshahi Central Library, University of Rajshahi   31/12/1969 zeitlinger 75.00   658.86 COM 1963 29/10/2019 C-8 Books
  Dewey Decimal Classification     Non-fiction Central Library, University of Rajshahi Central Library, University of Rajshahi   30/03/1970 zeitlinger 75.00   658.86 COM 1963 29/10/2019 C-7 Books